Knižničná sústava
Salvato in:
| Autore principale: | |
|---|---|
| Natura: | Libro |
| Lingua: | slovacco |
| Pubblicazione: |
Martin
Matica slovenská
1983
|
| Serie: | Teória a výskum
|
| Tags: |
Nessun Tag, puoi essere il primo ad aggiungerne!!
|
MARC
| LEADER | 00000nam a2200000 4500 | ||
|---|---|---|---|
| 001 | c115010 | ||
| 005 | 20041019155200.1 | ||
| 041 | 0 | |a slo | |
| 044 | |a SK | ||
| 245 | 1 | 0 | |a Knižničná sústava |c Andrej Riško |
| 264 | 1 | |a Martin |b Matica slovenská |c 1983 | |
| 300 | |a 226 s. | ||
| 490 | 1 | |a Teória a výskum | |
| 830 | 0 | |a Teória a výskum | |
| 100 | 1 | |a Riško, Andrej | |